000 00756cam a2200229 a 4500
001 000014057
005 20200929163444.0
008 070417r19511943sp 001 0 spa c
040 _aDO-SdBNP
_bspa
_cDLC
_dBNPHU
082 _a323.4409
_bA973h, 1951
100 1 _aAyala, Francisco,
_d1906-2009
_q(Francisco Ayala García-Duarte)
_931847
245 1 0 _aHistoria de la libertad /
_cFrancisco Ayala.
250 _a2a ed.
260 _aBuenos Aires, Argentina :
_bEditorial Atlántidas,
_c1951.
300 _a122 p. ;
_c17 cm.
490 1 _aOro de cultura general
_v27
650 4 _aLibertad
_xHistoria
_931848
650 4 _aLibertad (filosofía)
_931849
830 0 _aOro de cultura general ;
_v27
_931850
910 _aCatalogación derivada
049 _aBNGR
999 _c13659
_d13659